| 000 | 00415nam a2200181 4500 | ||
|---|---|---|---|
| 005 | 20260213152503.0 | ||
| 008 | CU66 | ||
| 020 | _a0072415940 | ||
| 050 | _aHF 5549 RUE | ||
| 100 | _aRUE, LESLIE W. | ||
| 245 |
_aSUPERVISION _bKEY LIKE TO PRODUCTIVITY |
||
| 250 | _a7TH | ||
| 260 |
_aBOSTON _bMcGRAW HILL _c2001 |
||
| 300 | _aXVI,476p.,ILLUS. | ||
| 500 | _aINDEX | ||
| 700 | _aBYARS, LLOYD L. | ||
| 942 |
_2lcc _cBK _n0 |
||
| 999 |
_c8702 _d8702 |
||